The letts guide to collecting masks (Record no. 1079)

MARC details
000 -CABECERA
campo de control de longitud fija 00647nam a2200217 a 4500
001 - NÚMERO DE CONTROL
campo de control BRCA_1206
005 - FECHA Y HORA DE LA ÚLTIMA TRANSACCIÓN
campo de control 20190320203328.0
008 - DATOS DE LONGITUD FIJA--INFORMACIÓN GENERAL
campo de control de longitud fija 920511s1991 enka---##b---#001-0#eng-#
020 ## - NÚMERO INTERNACIONAL ESTÁNDAR DEL LIBRO
Número Internacional Estándar del Libro 1852381191
040 ## - FUENTE DE LA CATALOGACIÓN
Centro catalogador/agencia de origen DLC
Centro/agencia transcriptor DLC
050 #4 - SIGNATURA TOPOGRÁFICA DE LA BIBLIOTECA DEL CONGRESO
Número de clasificación NK4890
Número de documento/Ítem .T48 1991
100 1# - ENTRADA PRINCIPAL--NOMBRE DE PERSONA
Nombre de persona Teuten, Timothy
9 (RLIN) 3962
245 10 - MENCIÓN DE TÍTULO
Título The letts guide to collecting masks
Mención de responsabilidad, etc. Timothy Teuten.
260 ## - PUBLICACIÓN, DISTRIBUCIÓN, ETC.
Lugar de publicación, distribución, etc. Londres
Nombre del editor, distribuidor, etc. Charles Letts
Fecha de publicación, distribución, etc. 1991.
300 ## - DESCRIPCIÓN FÍSICA
Extensión 96 p.
Otras características físicas il. a color
Dimensiones 31 cm.
500 ## - NOTA GENERAL
Nota general Incluye índice alfabético
504 ## - NOTA DE BIBLIOGRAFÍA, ETC.
Nota de bibliografía, etc. Bibliografía: p. 94
650 14 - PUNTO DE ACCESO ADICIONAL DE MATERIA--TÉRMINO DE MATERIA
Término de materia o nombre geográfico como elemento de entrada Máscaras
Subdivisión general Historia
9 (RLIN) 3963
650 14 - PUNTO DE ACCESO ADICIONAL DE MATERIA--TÉRMINO DE MATERIA
Término de materia o nombre geográfico como elemento de entrada Máscaras
Subdivisión general Coleccionistas y colecciones
9 (RLIN) 3964
942 ## - ELEMENTOS DE PUNTO DE ACCESO ADICIONAL (KOHA)
Fuente del sistema de clasificación o colocación Library of Congress Classification
Tipo de ítem Koha Libros
Holdings
Estado de retiro Estado de pérdida Estado dañado No para préstamo Localización permanente Ubicación/localización actual Fecha de adquisición Total de préstamos Signatura topográfica completa Código de barras Fecha visto por última vez Precio válido a partir de Tipo de ítem Koha
El ejemplar forma parte de la colección y puede ser consultado según las políticas vigentes.       Biblioteca del Museo Franz Mayer (Rogerio Casas-Alatriste) Biblioteca del Museo Franz Mayer (Rogerio Casas-Alatriste) 26/06/2008   NK4890 .T48 1991 00424 22/03/2019 22/03/2019 Libros